Catalog

Record Details

Catalog Search



Specifika telefonické krizové intervence u seniorů : bakalářská práce Cover Image Book Book

Specifika telefonické krizové intervence u seniorů : bakalářská práce Veronika Skýpalová ; Vedoucí práce: Vojtěch Sivek

Record details

  • Physical Description: 94 s. 1 příl.

Content descriptions

Bibliography, etc. Note:
bibliogr. s. 89

Available copies

  • 1 of 1 copy available at Common Catalog SPOK.

Holds

  • 0 current holds with 1 total copy.
Show Only Available Copies
Location Call Number / Copy Notes Barcode Shelving Location Status Due Date
Jabok Library ABP-1371 424480022352 Absolventské práce Reference -

Electronic resources

Version of Resource: Plný text


LDR 00713ntm a22 a 4500
00112223
003CZ-PrJAB
00520210225074932.0
008090402s2007 xr e |||| |cze
009cz
035 . ‡a(CONS)12223
035 . ‡aKPS0018645
0410 . ‡acze
10011. ‡714941 ‡aSkýpalová, Veronika
110 2. ‡aEvangelická teologická fakulta Univerzity Karlovy
2451 . ‡aSpecifika telefonické krizové intervence u seniorů : ‡bbakalářská práce ‡cVeronika Skýpalová ; Vedoucí práce: Vojtěch Sivek
260 . ‡aPraha ‡c2007
300 . ‡a94 s. ‡b1 příl.
504 . ‡abibliogr. s. 89
653 . ‡atelefonická krizová intervence ‡asenioři ‡akrizová intervence ‡alinky důvěry
70011. ‡712351 ‡aSivek, Vojtěch
999 . ‡a1371- ‡c1371- ‡i424480022352 ‡tP
910 . ‡aABG312
85641. ‡uhttps://dspace.cuni.cz/handle/20.500.11956/14423 ‡yPlný text
901 . ‡a12223 ‡bCZ-PrJAB ‡c12223 ‡tbiblio

Additional Resources